000 00492nam a22001577a 4500
003 NUST
038 _aNusrat Nadeem
082 _a200
100 _aMurtaza, Sameen
_9131606
245 _aDiscovering Azerbaijan: A Journey Through Culture and Change/
_cSameen Murtaza,
264 _aIslamabad;
_bNBS NUST.
_c2025.
690 _aExecutive MBA 
_9125080
700 _aSupervisor: Dr. Fareesa Malik
_9114385
856 _uhttp://10.250.8.41:8080/xmlui/handle/123456789/55875
942 _2ddc
_cSC
999 _c615237
_d615237